MAHARSI CHARAKA (Record no. 8654)

MARC details
000 -LEADER
fixed length control field 00276nam a22001337a 4500
003 - CONTROL NUMBER IDENTIFIER
control field SGT
082 ## - DEWEY DECIMAL CLASSIFICATION NUMBER
Classification number 615.53
Item number M13D
100 ## - MAIN ENTRY--PERSONAL NAME
Personal name DAS, INDULATA
245 ## - TITLE STATEMENT
Title MAHARSI CHARAKA
260 ## - PUBLICATION, DISTRIBUTION, ETC. (IMPRINT)
Place of publication, distribution, etc DELHI
Name of publisher, distributor, etc C.C.R.A.S
Year of Publication 2013
300 ## - PAGE DESCRIPTION
No. of Pages 290
650 ## - SUBJECT ADDED ENTRY--TOPICAL TERM
Topical term or geographic name as entry element AYURVEDA CHARAKA
942 ## - ADDED ENTRY ELEMENTS (KOHA)
Source of classification or shelving scheme Dewey Decimal Classification
Koha item type Books
Holdings
Withdrawn status Lost status Source of classification or shelving scheme Damaged status Use restrictions Not for loan Collection code Home library Current library Shelving location Date acquired Vendor Name Cost, normal purchase price SGTU Bill Number Full call number Accession No. (Barcode) Date last seen Bill Date Koha item type
    Dewey Decimal Classification   Restricted Access   AYURVEDA SGT FA-FP Library SGT FA-FP Library Reference Book 29/03/2016 C.C 400.00 SGTU 14294 615.53 M13D FA4639 29/03/2016 13/01/2016 Books
    Dewey Decimal Classification   Restricted Access   AYURVEDA SGT FA-FP Library SGT FA-FP Library Reference Book 29/03/2016 C.C 400.00 SGTU 14294 615.53 M13D FA4640 29/03/2016 13/01/2016 Books